| 000 | 00955cam a2200301 a 4500 | ||
|---|---|---|---|
| 001 | 916642 | ||
| 003 | OSt | ||
| 005 | 20231208085023.0 | ||
| 008 | 821201m19839999gw b 001 0 eng | ||
| 010 | _a 82019555 | ||
| 020 | _a9783642649905 | ||
| 040 |
_aDLC _cDLC _dDLC _dOCoLC _dDLC |
||
| 041 | 1 | _aengger | |
| 082 | 0 | 0 |
_b514 KOT 1983 _219 |
| 100 | 1 |
_aKothe, Gottfried; Garling, D.J.H. _913133 |
|
| 245 | 1 | 0 | _aTopological Vector Spaces 1 |
| 250 | _a2nd print. rev. | ||
| 260 |
_aBerlin ; _bSpringer-Verlag, _c1983 |
||
| 300 |
_axv, 456p _c24 cm. |
||
| 490 | 1 |
_aGrundlehren der mathematischen Wissenschaften ; _v159- |
|
| 500 | _aTranslation of: Topologische lineare Raume. | ||
| 500 | _aIncludes index. | ||
| 504 | _aBibliography: v. 1, p. [437]-446. | ||
| 650 | 0 |
_aTopology _913134 |
|
| 830 | 0 |
_aGrundlehren der mathematischen Wissenschaften ; _v159, etc. _913135 |
|
| 906 |
_a7 _bcbc _corignew _d1 _eocip _f19 _gy-gencatlg |
||
| 942 |
_2ddc _cO_SHELF |
||
| 999 |
_c6402 _d6402 |
||